<?xml version="1.0" encoding="UTF-8"?>
<collection xmlns:xsi="http://www.w3.org/2001/XMLSchema-instance" xsi:schemaLocation="http://www.loc.gov/MARC21/slim http://www.loc.gov/standards/marcxml/schema/MARC21slim.xsd" xmlns="http://www.loc.gov/MARC21/slim">
 <record>
  <leader>00000cgc a22000004a 4500</leader>
  <controlfield tag="001">UP-99796217612516271</controlfield>
  <controlfield tag="003">Buklod</controlfield>
  <controlfield tag="005">20230215091348.0</controlfield>
  <controlfield tag="006">m||||fo||j| ||||||</controlfield>
  <controlfield tag="007">cr nn |||auu|a</controlfield>
  <controlfield tag="008">170703s        xx     d||| |     ||   ||</controlfield>
  <datafield tag="035" ind1=" " ind2=" ">
   <subfield code="a">(iLib)UPD-00264108838</subfield>
  </datafield>
  <datafield tag="040" ind1=" " ind2=" ">
   <subfield code="a">DLC</subfield>
   <subfield code="d">DMLM</subfield>
  </datafield>
  <datafield tag="041" ind1=" " ind2=" ">
   <subfield code="a">eng</subfield>
  </datafield>
  <datafield tag="090" ind1=" " ind2=" ">
   <subfield code="a">VDR-1760</subfield>
  </datafield>
  <datafield tag="245" ind1="0" ind2="0">
   <subfield code="a">Tigerland</subfield>
   <subfield code="h">[videorecording]</subfield>
   <subfield code="c">Regency Enterprises presents a Haft Entertainment/New Regency production ; produced by Arnon Milchan, Steven Haft, Beau Glynn ; directed by Joel Schumacher ; written by Ross Klavan &amp; Michael McGruther.</subfield>
  </datafield>
  <datafield tag="264" ind1=" " ind2="1">
   <subfield code="a">Beverly Hills, Calif.</subfield>
   <subfield code="b">20th Century Fox Home Entertainment ; distributed in the Philippines by Viva Video</subfield>
   <subfield code="c">c2001.</subfield>
  </datafield>
  <datafield tag="300" ind1=" " ind2=" ">
   <subfield code="a">2 videodiscs (101 min.)</subfield>
   <subfield code="b">sd., col.</subfield>
   <subfield code="c">4 3/4 in.</subfield>
  </datafield>
  <datafield tag="508" ind1=" " ind2=" ">
   <subfield code="a">Director of photography, Matthew Libatique ; edited by Mark Stevens ; music by Nathan Larson.</subfield>
  </datafield>
  <datafield tag="511" ind1="1" ind2=" ">
   <subfield code="a">Colin Farrell, Matthew Davis, Shea Whigham, Clifton Collins, Jr.</subfield>
  </datafield>
  <datafield tag="520" ind1=" " ind2=" ">
   <subfield code="a">Just released from the base stockade, recruit Roland Bozz joins a platoon of young soldiers preparing to ship out to Vietnam. His independence and outright defiance draw fire from his own men as well as commanding officers. But when the platoon is sent to Tigerland, a hellish training ground, Bozz's leadership and loyalty bring his men together, triggering extraordinary consequences.</subfield>
  </datafield>
  <datafield tag="521" ind1="8" ind2=" ">
   <subfield code="a">MPAA rating: R.</subfield>
  </datafield>
  <datafield tag="538" ind1=" " ind2=" ">
   <subfield code="a">VCD</subfield>
  </datafield>
  <datafield tag="650" ind1=" " ind2="0">
   <subfield code="a">Military training camps</subfield>
   <subfield code="v">Drama.</subfield>
  </datafield>
  <datafield tag="700" ind1="1" ind2=" ">
   <subfield code="a">Schumacher, Joel.</subfield>
  </datafield>
  <datafield tag="700" ind1="1" ind2=" ">
   <subfield code="a">Klavan, Ross.</subfield>
  </datafield>
  <datafield tag="700" ind1="1" ind2=" ">
   <subfield code="a">McGruther, Michael.</subfield>
  </datafield>
  <datafield tag="710" ind1="2" ind2=" ">
   <subfield code="a">Regency Enterprises.</subfield>
  </datafield>
  <datafield tag="710" ind1="2" ind2=" ">
   <subfield code="a">Haft Entertainment (Firm).</subfield>
  </datafield>
  <datafield tag="710" ind1="2" ind2=" ">
   <subfield code="a">New Regency (Firm).</subfield>
  </datafield>
  <datafield tag="710" ind1="2" ind2=" ">
   <subfield code="a">Twentieth Century Fox Home Entertainment, Inc.</subfield>
  </datafield>
  <datafield tag="710" ind1="2" ind2=" ">
   <subfield code="a">Viva Video.</subfield>
  </datafield>
  <datafield tag="842" ind1=" " ind2=" ">
   <subfield code="a">Visual Material</subfield>
  </datafield>
  <datafield tag="905" ind1=" " ind2=" ">
   <subfield code="a">FO</subfield>
  </datafield>
  <datafield tag="852" ind1="0" ind2=" ">
   <subfield code="a">UPD</subfield>
   <subfield code="b">DMLR</subfield>
   <subfield code="h">VDR-1760</subfield>
  </datafield>
  <datafield tag="942" ind1=" " ind2=" ">
   <subfield code="a">Visual Material</subfield>
  </datafield>
 </record>
</collection>
